| 000 | 01049cab a2200385 4500 | ||
|---|---|---|---|
| 001 | ABS54923 | ||
| 008 | 090401t1996 xxu||||| |||| 00| 0 eng d | ||
| 035 | _a(Sirsi) u13120 | ||
| 041 | _aeng | ||
| 245 | _aMarket report City Midtown and Docklands | ||
| 260 | _c1996 | ||
| 350 | _a0 | ||
| 490 |
_aProperty Week _v55(1) 4 April 1996, 34-52(10) |
||
| 650 | _aBOMB DAMAGE | ||
| 650 | _aCANARY WHARF | ||
| 650 | _aCITY OF LONDON | ||
| 650 | _aDISASTER PLANNING | ||
| 650 | _aDISASTER RECOVERY PLAN | ||
| 650 | _aHOLBORN | ||
| 650 | _aIRA BOMB | ||
| 650 | _aISLE OF DOGS | ||
| 650 | _aLONDON DOCKLANDS | ||
| 650 | _aLONDON | ||
| 650 | _aMIDTOWN | ||
| 650 | _aMIRROR GROUP HEADQUARTERS BUILDING | ||
| 650 | _aPROPERTY-COMMERCIAL PROPERTY-OFFICE PROPERTY-OFFICE PROPERTY MARKET | ||
| 650 | _aOFFICE RENTS | ||
| 650 | _aRELOCATION | ||
| 650 | _aSOUTH QUAY | ||
| 650 | _aSUPPLY AND DEMAND | ||
| 650 | _aTERRORISM | ||
| 690 | _aPROPERTY-COMMERCIAL PROPERTY-COMMERCIAL PROPERTY MARKET | ||
| 942 | _n0 | ||
| 948 | _c04/03/1997 | ||
| 999 |
_c8436 _d8436 |
||